[Event "FB1 2122 SK Schwäbisch Hall - SK Lehrt"]
[Site "?"]
[Date "2022.04.10"]
[Round "8.2"]
[White "Atalik, Ekaterina"]
[Black "Hapala, Elisabeth"]
[Result "1-0"]
[WhiteElo "2412"]
[BlackElo "2124"]
[PlyCount "103"]
[EventDate "2022.??.??"]

1. d4 Nf6 2. Nf3 e6 3. c4 Bb4+ 4. Bd2 a5 5. g3 b6 6. Bg2 Bb7 7. O-O O-O 8. Bf4
Be7 9. Nc3 Ne4 10. Qc2 Nxc3 11. Qxc3 d6 12. Qc2 f5 13. Rad1 Be4 14. Qb3 Qc8 15.
Ne1 Bxg2 16. Kxg2 a4 17. Qf3 Nd7 18. Nc2 Nf6 19. Bg5 h6 20. Bxf6 Bxf6 21. e4
Ra5 22. exf5 Rxf5 23. Qe2 Bg5 24. f4 Bd8 25. Rde1 Re8 26. d5 e5 27. Nd4 Rff8
28. Ne6 Rxe6 29. dxe6 Qxe6 30. fxe5 Re8 31. Qe4 dxe5 32. Qd5 Bf6 33. Kf3 c6 34.
Qxe6+ Rxe6 35. Ke4 b5 36. cxb5 cxb5 37. Rc1 Rb6 38. Rfd1 Kf7 39. Rc7+ Ke6 40.
Rdc1 Kd6 41. R7c5 b4 42. Ra5 a3 43. b3 Rc6 44. Rxc6+ Kxc6 45. h4 h5 46. Ra8 Kd6
47. Rb8 Kc5 48. Rh8 g5 49. Rxh5 gxh4 50. gxh4 Kd6 51. Rh7 Ke6 52. h5 1-0

[Event "FB1 2122 SK Schwäbisch Hall - SK Lehrt"]
[Site "?"]
[Date "2022.04.10"]
[Round "8.3"]
[White "Manusina, Nicole"]
[Black "Daulyte-Cornette, Deimante"]
[Result "0-1"]
[WhiteElo "2009"]
[BlackElo "2368"]
[PlyCount "116"]
[EventDate "2022.??.??"]

1. d4 d6 2. c4 e5 3. d5 Be7 4. Nc3 Bg5 5. g3 Bxc1 6. Qxc1 a5 7. Bg2 Na6 8. e4
Nc5 9. Qe3 f5 10. exf5 Bxf5 11. Ne4 Bxe4 12. Bxe4 Nxe4 13. Qxe4 Nf6 14. Qe2 O-O
15. Nf3 Nd7 16. O-O Nc5 17. Nd2 Qg5 18. Ne4 Nxe4 19. Qxe4 Rf4 20. Qe3 b6 21.
Kh1 Rf5 22. Qxg5 Rxg5 23. f4 Rf5 24. fxe5 Rxe5 25. Rae1 Rae8 26. Rxe5 Rxe5 27.
Rf2 Re1+ 28. Kg2 Rc1 29. b3 a4 30. Rf1 Rc2+ 31. Rf2 Rc1 32. Rf1 Rxf1 33. Kxf1
axb3 34. axb3 Kf7 35. Kf2 Kf6 36. Kf3 Kf5 37. h3 g5 38. Ke3 Ke5 39. Kd3 h5 40.
Ke3 h4 41. gxh4 gxh4 42. Kf3 Kd4 43. Kg4 Kc3 44. Kxh4 Kxb3 45. Kg5 Kxc4 46. h4
b5 47. h5 b4 48. h6 b3 49. h7 b2 50. h8=Q b1=Q 51. Qa8 Qb5 52. Kf4 Kd4 53. Qh8+
Kc5 54. Qc8 Kxd5 55. Qg8+ Kc5 56. Qg1+ Kc6 57. Qg2+ Kb6 58. Qf2+ c5 0-1

[Event "FB1 2122 SK Schwäbisch Hall - SK Lehrt"]
[Site "?"]
[Date "2022.04.10"]
[Round "8.4"]
[White "Ambartsumova, Karina"]
[Black "Zschischang, Marine"]
[Result "1-0"]
[WhiteElo "2382"]
[BlackElo "2062"]
[PlyCount "42"]
[EventDate "2022.??.??"]

1. d4 e6 2. c4 d5 3. Nc3 c6 4. e4 dxc4 5. Bxc4 b5 6. Be2 Nf6 7. e5 Nd5 8. Ne4
f5 9. exf6 Nxf6 10. Bh5+ g6 11. Bf3 Nxe4 12. Bxe4 Bb4+ 13. Kf1 O-O 14. Nf3 Bd6
15. h4 Bf4 16. Qc2 Qe7 17. h5 g5 18. h6 Nd7 19. g3 Bxg3 20. Bxg5 Qf7 21. fxg3
Nf6 1-0

[Event "FB1 2122 SK Schwäbisch Hall - SK Lehrt"]
[Site "?"]
[Date "2022.04.10"]
[Round "8.5"]
[White "Braje, Monika"]
[Black "Cvitan, Ena"]
[Result "0-1"]
[WhiteElo "1775"]
[BlackElo "2238"]
[PlyCount "82"]
[EventDate "2022.??.??"]

1. e4 c6 2. d4 d5 3. exd5 cxd5 4. Bd3 Nc6 5. c3 g6 6. h3 Bg7 7. Nf3 Nh6 8. O-O
O-O 9. Re1 f6 10. Bf4 Nf7 11. Bb5 a6 12. Bxc6 bxc6 13. Nbd2 Re8 14. Nb3 e5 15.
dxe5 fxe5 16. Be3 Rb8 17. Qd2 Nd6 18. Bg5 Qc7 19. Re2 a5 20. Rae1 Ba6 21. Nc5
Bxe2 22. Rxe2 Qa7 23. Na4 Nf5 24. g4 Ng3 25. Re1 Ne4 26. Qe3 Qf7 27. Bh4 Rf8
28. Kg2 Rbe8 29. Rf1 h6 30. Ne1 g5 31. Bg3 Nxg3 32. Qxg3 e4 33. Qe3 Be5 34. Nc5
Bb8 35. Nb3 Qc7 36. Rh1 Ba7 37. Nd4 Rf4 38. Rf1 Bb8 39. Rh1 Ref8 40. Nf5 R8xf5
41. gxf5 Ba7 0-1

[Event "FB1 2122 SK Schwäbisch Hall - SK Lehrt"]
[Site "?"]
[Date "2022.04.10"]
[Round "8.6"]
[White "Eric, Jovana"]
[Black "Grabowski, Petra"]
[Result "1-0"]
[WhiteElo "2278"]
[BlackElo "1636"]
[PlyCount "71"]
[EventDate "2022.??.??"]

1. e4 e6 2. d4 d5 3. Nc3 dxe4 4. Nxe4 Nd7 5. Nf3 Ngf6 6. Nxf6+ Nxf6 7. g3 c5 8.
Bg2 cxd4 9. Qxd4 Qxd4 10. Nxd4 a6 11. O-O Bd6 12. Rd1 Bc7 13. Bg5 Rb8 14. c4 h6
15. Bd2 O-O 16. Bc3 Nd7 17. b4 e5 18. Nf5 Nb6 19. Ne7+ Kh8 20. c5 Na8 21. Nxc8
Rfxc8 22. Rd7 f6 23. Rad1 b6 24. Rf7 Rf8 25. Rxf8+ Rxf8 26. Rd7 bxc5 27. bxc5
e4 28. Bxe4 Be5 29. Bxe5 fxe5 30. Ra7 Nc7 31. Rxc7 Kg8 32. c6 Ra8 33. Rd7 Kf8
34. c7 Ke8 35. Rxg7 Kf8 36. Bxa8 1-0

[Event "FB1 2122 SG 1871 Löberitz - OSG Baden-"]
[Site "?"]
[Date "2022.04.10"]
[Round "8.1"]
[White "Paehtz, Elisabeth"]
[Black "Reizniece-Ozola, Dana"]
[Result "1/2-1/2"]
[WhiteElo "2500"]
[BlackElo "2269"]
[PlyCount "76"]
[EventDate "2022.??.??"]

1. d4 g6 2. Nf3 Bg7 3. g3 Nf6 4. Bg2 O-O 5. O-O d6 6. c4 Nc6 7. Nc3 a6 8. b3
Rb8 9. d5 Na5 10. Bg5 c5 11. dxc6 Nxc6 12. Rc1 Bd7 13. h3 b5 14. Nd2 b4 15. Na4
Nd4 16. Be3 Ne8 17. Nb1 e5 18. Nd2 Nc7 19. c5 Bxa4 20. bxa4 dxc5 21. Nb3 Nd5
22. Bxd5 Qxd5 23. Rxc5 Qe6 24. Qd3 Nf5 25. Qc4 Nxe3 26. Qxe6 fxe6 27. fxe3 e4
28. Rxf8+ Rxf8 29. Rc4 Bc3 30. Rxe4 e5 31. Nc5 Kf7 32. Nxa6 Ra8 33. Nc5 Ke7 34.
Rh4 Kd6 35. Ne4+ Kd5 36. Nf6+ Ke6 37. Ne4 Kd5 38. Nf6+ Ke6 1/2-1/2

[Event "FB1 2122 SG 1871 Löberitz - OSG Baden-"]
[Site "?"]
[Date "2022.04.10"]
[Round "8.3"]
[White "Arakhamia-Grant, Ketevan"]
[Black "Berzina, Ilze"]
[Result "1-0"]
[WhiteElo "2354"]
[BlackElo "2194"]
[PlyCount "78"]
[EventDate "2022.??.??"]

1. e4 c6 2. d4 d5 3. Nd2 dxe4 4. Nxe4 Nd7 5. Ng5 Ngf6 6. Bd3 e6 7. N1f3 Bd6 8.
Qe2 h6 9. Ne4 Nxe4 10. Qxe4 Nf6 11. Qe2 Qc7 12. Bd2 b6 13. Ne5 Bb7 14. f4 c5
15. dxc5 Qxc5 16. O-O-O Rc8 17. Kb1 O-O 18. Rhg1 Qd4 19. Be3 Qb4 20. a3 Qa5 21.
Nc4 Rxc4 22. Bxc4 Ne4 23. Qe1 Qa4 24. Bb3 Qc6 25. g4 a5 26. a4 Bb4 27. Qe2 Bc5
28. f5 Ba6 29. Qxa6 Bxe3 30. Rge1 Nf2 31. fxe6 Nxd1 32. exf7+ Kh8 33. Rxd1 Qf3
34. Re1 Qxg4 35. Ka2 Bc5 36. Re8 Qg6 37. Qc8 Qd6 38. Qf5 Qc6 39. Qe5 Qd6 1-0

[Event "FB1 2122 SG 1871 Löberitz - OSG Baden-"]
[Site "?"]
[Date "2022.04.10"]
[Round "8.4"]
[White "Otikova, Elina"]
[Black "Heinemann, Josefine"]
[Result "0-1"]
[WhiteElo "2105"]
[BlackElo "2292"]
[PlyCount "86"]
[EventDate "2022.??.??"]

1. e4 c5 2. Nf3 d6 3. d4 cxd4 4. Nxd4 Nf6 5. Nc3 a6 6. Be2 e5 7. Nb3 Be7 8. O-O
O-O 9. Re1 Be6 10. Bf1 Nbd7 11. h3 b5 12. Bg5 Qc7 13. Bxf6 Nxf6 14. Nd5 Bxd5
15. exd5 Rac8 16. c4 bxc4 17. Rc1 Qb7 18. Bxc4 Bd8 19. Qe2 Ra8 20. Rc3 a5 21.
a4 Qb4 22. Ra1 Bb6 23. Nc1 Bd4 24. Rb3 Qc5 25. Rb5 Bxf2+ 26. Kf1 Qd4 27. Qxf2
Qxc4+ 28. Qe2 Qf4+ 29. Qf2 Qg5 30. Nb3 Rfc8 31. Re1 Rc4 32. Kg1 h6 33. Nxa5
Rxa4 34. Nb7 Ne4 35. Rxe4 Rxe4 36. Nxd6 Rf4 37. Qe1 Rfa4 38. Qf2 Ra1+ 39. Kh2
Qf4+ 40. Qxf4 exf4 41. Nf5 Rf1 42. g3 Rf2+ 43. Kg1 Rd2 0-1

[Event "FB1 2122 SV Weißblau Allianz Leipzig -"]
[Site "?"]
[Date "2022.04.10"]
[Round "8.3"]
[White "Koepke, Elena"]
[Black "Hincu, Olga"]
[Result "1-0"]
[WhiteElo "2272"]
[BlackElo "2076"]
[PlyCount "95"]
[EventDate "2022.??.??"]

1. e4 c6 2. d4 d5 3. exd5 cxd5 4. c4 Nf6 5. Nc3 Nc6 6. Bg5 Be6 7. a3 g6 8. Bxf6
exf6 9. c5 Bh6 10. Be2 O-O 11. Bf3 f5 12. Nge2 g5 13. h3 Bg7 14. Qd3 Qd7 15. g3
Rfe8 16. Kf1 Rad8 17. b4 f4 18. g4 f5 19. Rg1 Ne7 20. Nb5 fxg4 21. hxg4 h5 22.
Nd6 hxg4 23. Nxe8 Rxe8 24. Bh1 Bf5 25. Qb3 f3 26. Bxf3 gxf3 27. Qxf3 Bh3+ 28.
Ke1 Nc6 29. Kd2 Nxd4 30. Nxd4 Bxd4 31. Rxg5+ Bg7 32. Rag1 Re7 33. Rxd5 Qe6 34.
Qd3 Qh6+ 35. Kc2 Rf7 36. Rd8+ Rf8 37. Rxf8+ Kxf8 38. Rh1 Qf6 39. Rxh3 Qxf2+ 40.
Kd1 Qg1+ 41. Ke2 Qg2+ 42. Ke1 Bf6 43. Rf3 Qh1+ 44. Rf1 Qh4+ 45. Kd1 Kg7 46.
Rg1+ Bg5 47. Qd7+ Kh6 48. Qg4 1-0

[Event "FB1 2122 SV Weißblau Allianz Leipzig -"]
[Site "?"]
[Date "2022.04.10"]
[Round "8.4"]
[White "Schulz, Petra"]
[Black "Jelica, Mara"]
[Result "0-1"]
[WhiteElo "2007"]
[BlackElo "2104"]
[PlyCount "88"]
[EventDate "2022.??.??"]

1. e4 e5 2. Nf3 Nc6 3. Bb5 a6 4. Bxc6 dxc6 5. O-O Bg4 6. h3 h5 7. d3 Qf6 8.
Nbd2 Bc5 9. Re1 Ne7 10. d4 Bxf3 11. Nxf3 Bxd4 12. Bg5 Qd6 13. Bxe7 Kxe7 14.
Nxd4 exd4 15. Qf3 Rad8 16. e5 Qd5 17. Qg3 Kd7 18. e6+ fxe6 19. Qxg7+ Kc8 20.
Qf6 Rde8 21. Re5 Qc4 22. Qg6 Rhg8 23. Qe4 h4 24. b3 Qc3 25. Re1 Qxh3 26. Rxe6
Qxe6 27. Qxe6+ Rxe6 28. Rxe6 c5 29. Rh6 Re8 30. Kf1 Re4 31. Rf6 b6 32. f3 Re3
33. Rh6 Rc3 34. Rxh4 Rxc2 35. g4 Kd7 36. g5 Ke6 37. Rf4 Rh2 38. Rf8 d3 39. Ke1
b5 40. f4 c4 41. bxc4 bxc4 42. Rf6+ Kd5 43. g6 c3 44. g7 d2+ 0-1

[Event "FB1 2122 SV Weißblau Allianz Leipzig -"]
[Site "?"]
[Date "2022.04.10"]
[Round "8.5"]
[White "Valkova, Angelika"]
[Black "Germann, Heike"]
[Result "1-0"]
[WhiteElo "2051"]
[BlackElo "1984"]
[PlyCount "85"]
[EventDate "2022.??.??"]

1. d4 Nf6 2. c4 g6 3. Nc3 Bg7 4. e4 d6 5. h3 O-O 6. Be3 e5 7. d5 Nbd7 8. g4 Nc5
9. f3 a5 10. Qd2 Ne8 11. h4 f5 12. gxf5 gxf5 13. O-O-O Kh8 14. Nge2 f4 15. Bf2
Nf6 16. Bh3 Bxh3 17. Rxh3 Qe7 18. Rh2 Rg8 19. Ng1 Bh6 20. Nh3 Rg6 21. Bxc5 dxc5
22. d6 cxd6 23. Qxd6 Re8 24. Rhd2 Rg3 25. Ng1 Bf8 26. Qb6 Qg7 27. Nce2 Rg2 28.
Qxa5 Qh6 29. Kb1 Qxh4 30. Rd8 Qh5 31. Qb6 Qf7 32. Qb5 Rg7 33. R8d3 Rg2 34. Rd8
Rg7 35. R8d3 Rg2 36. Nc3 Qg6 37. Nge2 Qf7 38. Rd8 Rf2 39. Rxe8 Nxe8 40. Rd7 Qg6
41. Rd8 Nf6 42. Rxf8+ Kg7 43. Qxc5 1-0

[Event "FB1 2122 SV Weißblau Allianz Leipzig -"]
[Site "?"]
[Date "2022.05.25"]
[Round "9.1"]
[White "Reizniece-Ozola, Dana"]
[Black "Cyfka, Karina"]
[Result "0-1"]
[WhiteElo "2274"]
[BlackElo "2404"]
[PlyCount "78"]
[EventDate "2022.??.??"]

1. c4 e5 2. Nc3 Bb4 3. Qc2 Nf6 4. g3 O-O 5. Bg2 Re8 6. Nf3 c6 7. O-O d5 8. cxd5
cxd5 9. d4 e4 10. Ne5 h6 11. f3 exf3 12. exf3 Nc6 13. Nxc6 bxc6 14. Rd1 Bd6 15.
Na4 Qc7 16. Bd2 Nh5 17. Rac1 Bd7 18. Be1 g6 19. b4 Rac8 20. Nc5 Bf5 21. Qd2 Kh7
22. Bf2 Ng7 23. Bf1 h5 24. a4 Qe7 25. Re1 Qf8 26. Rxe8 Qxe8 27. Re1 Qf8 28. Qe2
Re8 29. Qa6 Rxe1 30. Bxe1 Qe7 31. Bf2 Qc7 32. Qe2 Ne6 33. Nxe6 Bxe6 34. Be1 Qb6
35. Qd2 Bc8 36. a5 Qd8 37. b5 cxb5 38. Bxb5 Qf6 39. Qe3 Be6 0-1

[Event "FB1 2122 SV Weißblau Allianz Leipzig -"]
[Site "?"]
[Date "2022.05.25"]
[Round "9.2"]
[White "Kulon, Klaudia"]
[Black "Rogule, Laura"]
[Result "0-1"]
[WhiteElo "2305"]
[BlackElo "2297"]
[PlyCount "76"]
[EventDate "2022.??.??"]

1. c4 c5 2. Nc3 Nc6 3. g3 g6 4. Bg2 Bg7 5. a3 Nf6 6. Rb1 a5 7. e4 O-O 8. d3 d6
9. h3 Ne8 10. Nge2 Nc7 11. g4 Nd4 12. Be3 Bd7 13. a4 e6 14. h4 f5 15. h5 fxg4
16. hxg6 hxg6 17. e5 Bxe5 18. Nxd4 cxd4 19. Qxg4 dxe3 20. Qxg6+ Bg7 21. Be4
exf2+ 22. Kd2 Rf5 23. Bxf5 exf5 24. Rh2 Qf6 25. Qg2 Bc6 26. Qxf2 Ne6 27. Rf1
Nd4 28. Kc1 Re8 29. Kb1 Ne2 30. Nd1 Bxa4 31. Qb6 f4 32. Qxb7 Qd4 33. Nf2 Bc6
34. Qb3 a4 35. Qb4 Re7 36. Nd1 Qxd3+ 37. Ka1 Rb7 38. Qa5 Qa3+ 0-1

[Event "FB1 2122 SV Weißblau Allianz Leipzig -"]
[Site "?"]
[Date "2022.05.25"]
[Round "9.3"]
[White "Berzina, Ilze"]
[Black "Hincu, Olga"]
[Result "1-0"]
[WhiteElo "2180"]
[BlackElo "2078"]
[PlyCount "85"]
[EventDate "2022.??.??"]

1. d4 d5 2. c4 e6 3. Nf3 Nf6 4. g3 Nbd7 5. Bg2 c6 6. Qc2 Bd6 7. O-O e5 8. cxd5
cxd5 9. dxe5 Nxe5 10. Nc3 O-O 11. Rd1 Be6 12. Bg5 Rc8 13. Nd4 h6 14. Bf4 Qd7
15. Nxe6 fxe6 16. e4 Neg4 17. Bxd6 Qxd6 18. exd5 exd5 19. h3 Ne5 20. Qb3 Kh8
21. Nxd5 Nxd5 22. Rxd5 Qf6 23. f4 Nc4 24. Re1 b6 25. Rd7 Nxb2 26. Qe6 Qc3 27.
Kh2 Rfd8 28. Rxa7 Rd2 29. Re2 Rcd8 30. Rxd2 Qxd2 31. Qe7 Rg8 32. Rd7 Qc2 33.
Rc7 Qf2 34. Qe4 Rd8 35. Qg6 Qd4 36. Rc2 Qb4 37. h4 Nd1 38. Re2 Nc3 39. Re6 b5
40. f5 Qb1 41. Re8+ Rxe8 42. Qxe8+ Kh7 43. f6 1-0

[Event "FB1 2122 SV Weißblau Allianz Leipzig -"]
[Site "?"]
[Date "2022.05.25"]
[Round "9.4"]
[White "Germann, Heike"]
[Black "Otikova, Elina"]
[Result "1/2-1/2"]
[WhiteElo "1997"]
[BlackElo "2090"]
[PlyCount "90"]
[EventDate "2022.??.??"]

1. d4 Nf6 2. c4 e6 3. Nc3 d5 4. Bg5 Bb4 5. e3 h6 6. Bh4 O-O 7. Nf3 Nbd7 8. Bd3
dxc4 9. Bxc4 c5 10. Rc1 a6 11. dxc5 Bxc5 12. O-O b5 13. Bd3 Bb7 14. Be4 Qb6 15.
Bxb7 Qxb7 16. Qe2 Rac8 17. Rfd1 Rc6 18. Rc2 Rfc8 19. Rcd2 Bb4 20. Bxf6 Nxf6 21.
Rd8+ Rxd8 22. Rxd8+ Bf8 23. Ne5 Rd6 24. Rxd6 Bxd6 25. Nf3 Qc6 26. Qd1 Bc7 27.
Ne2 Qc4 28. b3 Qc5 29. Qc1 Qd6 30. Qd2 Nd5 31. Kf1 Qc5 32. Qc1 Qxc1+ 33. Nxc1
Nc3 34. Nd4 Bd6 35. Nde2 Nd5 36. Nd3 Kf8 37. e4 Nb4 38. Nxb4 Bxb4 39. Nd4 Bc3
40. Nc2 Ke7 41. Ke2 Kd6 42. Kd3 Bb2 43. Nd4 Kc5 44. Nc2 a5 45. f3 h5 1/2-1/2

[Event "FB1 2122 SV Weißblau Allianz Leipzig -"]
[Site "?"]
[Date "2022.05.25"]
[Round "9.5"]
[White "Naumann, Nadine"]
[Black "Just, Anita"]
[Result "1/2-1/2"]
[WhiteElo "1951"]
[BlackElo "1895"]
[PlyCount "59"]
[EventDate "2022.??.??"]

1. e4 e6 2. d4 d5 3. Nd2 c5 4. exd5 Qxd5 5. Ngf3 cxd4 6. Bc4 Qd6 7. O-O Nf6 8.
Nb3 Nc6 9. Nbxd4 Nxd4 10. Qxd4 Qxd4 11. Nxd4 a6 12. a4 Be7 13. Bg5 Ne4 14. Bxe7
Kxe7 15. Rfd1 Nd6 16. Be2 Bd7 17. f4 Rac8 18. c3 Rhd8 19. Bf3 a5 20. Re1 Kf8
21. Rec1 Rc4 22. b3 Rc7 23. Rc2 Rdc8 24. c4 b6 25. Rd2 Ke7 26. Re1 g6 27. g4
Nb7 28. Bxb7 Rxb7 29. f5 Kf6 30. fxe6 1/2-1/2

[Event "FB1 2122 SV Weißblau Allianz Leipzig -"]
[Site "?"]
[Date "2022.05.25"]
[Round "9.6"]
[White "Von Herman, Brigitte"]
[Black "Giebel, Christine"]
[Result "1/2-1/2"]
[WhiteElo "1929"]
[BlackElo "1833"]
[PlyCount "47"]
[EventDate "2022.??.??"]

1. e4 d5 2. exd5 Nf6 3. d4 Nxd5 4. Bc4 c6 5. Qf3 e6 6. Ne2 Be7 7. O-O Nd7 8. c3
N7f6 9. Re1 h5 10. b4 Qc7 11. Nd2 b6 12. Nf1 Bb7 13. Qd3 a5 14. bxa5 Rxa5 15.
Bb3 c5 16. Bd2 Qc6 17. Qh3 c4 18. Bc2 Kf8 19. Kh1 Ng4 20. Kg1 Bd6 21. f3 Nh6
22. Neg3 Bf4 23. Ne2 Bxd2 24. Nxd2 1/2-1/2

[Event "FB1 2122 SK Schwäbisch Hall - SC Bad Kö"]
[Site "?"]
[Date "2022.05.25"]
[Round "9.1"]
[White "Osmak, Yuliia"]
[Black "Saduakassova, Dinara"]
[Result "1/2-1/2"]
[WhiteElo "2428"]
[BlackElo "2446"]
[PlyCount "39"]
[EventDate "2022.??.??"]

1. d4 Nf6 2. c4 e6 3. Nc3 Bb4 4. f3 c5 5. d5 O-O 6. e4 d6 7. Nge2 b5 8. Nf4
exd5 9. Nfxd5 Nxd5 10. Qxd5 Qb6 11. Bf4 Be6 12. Qxd6 bxc4 13. Kf2 Bxc3 14. bxc3
Rd8 15. Qc7 Rd7 16. Qc8+ Rd8 17. Qc7 Rd7 18. Qc8+ Rd8 19. Qc7 Rd7 20. Qc8+
1/2-1/2

[Event "FB1 2122 SK Schwäbisch Hall - SC Bad Kö"]
[Site "?"]
[Date "2022.05.25"]
[Round "9.2"]
[White "Kashlinskaya, Alina"]
[Black "Schneider, Jana"]
[Result "1-0"]
[WhiteElo "2498"]
[BlackElo "2303"]
[PlyCount "63"]
[EventDate "2022.??.??"]

1. d4 d5 2. c4 e6 3. Nc3 Nf6 4. cxd5 exd5 5. Bg5 Be7 6. e3 O-O 7. Bd3 h6 8. Bh4
Re8 9. Nge2 Nbd7 10. O-O c6 11. Qc2 Nh5 12. Bxe7 Qxe7 13. Rae1 Nf8 14. Nc1 g6
15. f3 Qf6 16. Qf2 Ne6 17. Kh1 Rd8 18. f4 Nhg7 19. g4 b6 20. N1e2 c5 21. f5
gxf5 22. gxf5 Nc7 23. Rg1 Kh8 24. Rg2 Ba6 25. Bxa6 Nxa6 26. Reg1 Rg8 27. Nxd5
Qxf5 28. Qh4 Nh5 29. Rxg8+ Rxg8 30. Rxg8+ Kh7 31. Qxh5 Qxh5 32. Nf6# 1-0

[Event "FB1 2122 SK Schwäbisch Hall - SC Bad Kö"]
[Site "?"]
[Date "2022.05.25"]
[Round "9.3"]
[White "Melamed, Tatjana"]
[Black "Batsiashvili, Nino"]
[Result "1-0"]
[WhiteElo "2353"]
[BlackElo "2463"]
[PlyCount "101"]
[EventDate "2022.??.??"]

1. e4 e5 2. Nf3 Nc6 3. Bb5 a6 4. Ba4 Nf6 5. O-O b5 6. Bb3 Bc5 7. a4 Rb8 8. c3
d6 9. d4 Bb6 10. a5 Ba7 11. h3 Bb7 12. Be3 Nxe4 13. Re1 exd4 14. cxd4 d5 15.
Nc3 Ne7 16. Nxe4 dxe4 17. Ng5 Bd5 18. Nxe4 O-O 19. Bg5 f6 20. Bf4 Bxb3 21.
Qxb3+ Qd5 22. Qf3 Rbc8 23. Rad1 Kh8 24. Nd6 cxd6 25. Rxe7 Qxf3 26. gxf3 Bb8 27.
Rde1 Rc4 28. Rf7 Kg8 29. Rd7 Rc7 30. Rxc7 Bxc7 31. b4 g5 32. Rc1 Bb8 33. Be3 f5
34. Rc6 f4 35. Bd2 Kf7 36. Rxa6 d5 37. Rb6 Rc8 38. Rxb5 Ke6 39. Rb6+ Kd7 40. b5
Bd6 41. a6 Rc7 42. Kf1 Ra7 43. Ke2 h5 44. Kd3 Kc7 45. Ba5 Kd7 46. Rc6 Ra8 47.
Bb6 Rb8 48. Bc5 Bc7 49. a7 Ra8 50. Rg6 Kc8 51. b6 1-0

[Event "FB1 2122 SK Schwäbisch Hall - SC Bad Kö"]
[Site "?"]
[Date "2022.05.25"]
[Round "9.4"]
[White "Javakhishvili, Lela"]
[Black "Savina, Anastasia"]
[Result "1/2-1/2"]
[WhiteElo "2480"]
[BlackElo "2348"]
[PlyCount "82"]
[EventDate "2022.??.??"]

1. d4 Nf6 2. c4 g6 3. g3 c5 4. dxc5 Bg7 5. Nc3 Na6 6. Bg2 Nxc5 7. Nh3 h5 8. Ng5
d6 9. Be3 Qa5 10. h3 Ne6 11. Nxe6 Bxe6 12. Bxb7 Rb8 13. Bc6+ Bd7 14. Bxd7+ Nxd7
15. O-O Rxb2 16. Nd5 e6 17. Nf4 Rb7 18. Rc1 Qa6 19. Qd3 Nc5 20. Bxc5 dxc5 21.
Qe4 O-O 22. Nd3 Rc8 23. Rb1 Rb6 24. Rxb6 axb6 25. Rb1 Bd4 26. Rb5 Qxa2 27. Rxb6
Qa1+ 28. Kg2 Rc7 29. Rb8+ Kg7 30. Nf4 Be5 31. Ra8 Qd4 32. Kf3 Bxf4 33. Qxf4 e5
34. Qxd4 cxd4 35. Ra5 Kf6 36. Ke4 Rxc4 37. Ra6+ Kg7 38. Kxe5 Rc2 39. Kxd4 Rxe2
40. f4 Rh2 41. h4 Re2 1/2-1/2

[Event "FB1 2122 SK Schwäbisch Hall - SC Bad Kö"]
[Site "?"]
[Date "2022.05.25"]
[Round "9.5"]
[White "Belenkaya, Dina"]
[Black "Arabidze, Meri"]
[Result "0-1"]
[WhiteElo "2254"]
[BlackElo "2436"]
[PlyCount "90"]
[EventDate "2022.??.??"]

1. e4 c5 2. Nf3 e6 3. g3 Nc6 4. Bg2 Nf6 5. d3 d6 6. O-O Be7 7. c3 O-O 8. Re1
Bd7 9. d4 cxd4 10. cxd4 d5 11. e5 Ne4 12. Nbd2 Nxd2 13. Bxd2 Qb6 14. Bc3 a5 15.
a4 Rfc8 16. Bf1 Nb4 17. Re3 Qd8 18. Ne1 Qe8 19. f4 b5 20. axb5 Bxb5 21. Bh3 Ra6
22. g4 Bc4 23. Bg2 a4 24. Rh3 Qb5 25. Qf3 Na2 26. f5 Nxc3 27. Qxc3 Rb8 28. f6
Bf8 29. fxg7 Bxg7 30. Qc2 Qxb2 31. Qxh7+ Kf8 32. Nc2 Rb3 33. Qh4 Ke8 34. Qg5
Rxh3 35. Bxh3 Bf8 36. Rc1 a3 37. Qe3 a2 38. Bf1 a1=Q 39. Nxa1 Rxa1 40. Rxa1
Qxa1 41. Qf2 Bxf1 42. Qxf1 Qxd4+ 43. Kh1 Qe4+ 44. Qg2 Qxg2+ 45. Kxg2 Bg7 0-1

[Event "FB1 2122 SK Schwäbisch Hall - SC Bad Kö"]
[Site "?"]
[Date "2022.05.25"]
[Round "9.6"]
[White "Atalik, Ekaterina"]
[Black "Obolentseva, Alexandra"]
[Result "1-0"]
[WhiteElo "2414"]
[BlackElo "2305"]
[PlyCount "49"]
[EventDate "2022.??.??"]

1. d4 Nf6 2. c4 g6 3. Nf3 Bg7 4. Nc3 d6 5. Bf4 O-O 6. e3 Nh5 7. Bg5 h6 8. Bh4
g5 9. Nd2 Nf6 10. Bg3 Bf5 11. h4 Bg6 12. hxg5 hxg5 13. Nf3 Nh7 14. Bd3 f5 15.
Rxh7 Bxh7 16. Nxg5 Rf6 17. Nxh7 Kxh7 18. Qh5+ Kg8 19. Bxf5 Rh6 20. Qg4 Qe8 21.
Bf4 Rh8 22. Nd5 Kf8 23. Nxc7 Qf7 24. Be6 Qf6 25. Bg5 1-0

[Event "FB1 2122 SV Hemer 1932 - SK Lehrte"]
[Site "?"]
[Date "2022.05.25"]
[Round "9.1"]
[White "Sieber, Fiona"]
[Black "Cosma, Elena-Luminita"]
[Result "1/2-1/2"]
[WhiteElo "2264"]
[BlackElo "2277"]
[PlyCount "86"]
[EventDate "2022.??.??"]

1. e4 e6 2. d4 d5 3. Nd2 c5 4. Ngf3 Nc6 5. exd5 exd5 6. Bb5 cxd4 7. O-O Bd6 8.
Nb3 Nge7 9. Nbxd4 O-O 10. h3 a6 11. Bd3 Nxd4 12. Nxd4 Re8 13. c3 Nc6 14. Nf3
Ne5 15. Nxe5 Bxe5 16. Re1 Bd6 17. Be3 Be6 18. Qh5 g6 19. Qh6 Bf8 20. Qf4 Bd6
21. Qd4 Bf8 22. Bf4 Bg7 23. Be5 f6 24. Bf4 Qd7 25. Bc2 Bf7 26. Bb3 f5 27. Be5
Bxe5 28. Rxe5 Rxe5 29. Qxe5 Re8 30. Qd4 Re4 31. Qd2 Qe6 32. Rd1 Re2 33. Qd4
Re1+ 34. Rxe1 Qxe1+ 35. Kh2 Qe6 36. h4 h6 37. g3 g5 38. hxg5 hxg5 39. Qd2 f4
40. Kg1 Qe5 41. Qd3 fxg3 42. Qxg3 Qxg3+ 43. fxg3 Kg7 1/2-1/2

[Event "FB1 2122 SV Hemer 1932 - SK Lehrte"]
[Site "?"]
[Date "2022.05.25"]
[Round "9.2"]
[White "Voicu-Jagodzinsky, Carmen"]
[Black "Newrkla, Katharina"]
[Result "0-1"]
[WhiteElo "2291"]
[BlackElo "2232"]
[PlyCount "154"]
[EventDate "2022.??.??"]

1. e4 c5 2. Nf3 d6 3. d4 cxd4 4. Qxd4 Nc6 5. Bb5 Bd7 6. Bxc6 Bxc6 7. c4 f5 8.
exf5 Qa5+ 9. Nbd2 Qxf5 10. O-O e5 11. Re1 Be7 12. Qe3 Nf6 13. Nd4 Qh5 14. Nxc6
bxc6 15. h3 O-O 16. b3 Bd8 17. Ba3 Bb6 18. c5 Nd5 19. Qe2 Qxe2 20. Rxe2 Nf4 21.
Re3 dxc5 22. Nc4 Rad8 23. Rxe5 Rd5 24. Bb2 Nd3 25. Re2 Bd8 26. g3 h5 27. Ne3
Nxb2 28. Nxd5 cxd5 29. Rxb2 Bf6 30. Rab1 Bxb2 31. Rxb2 Kf7 32. Re2 Re8 33. Rc2
Rc8 34. f4 Ke6 35. Kf2 Kd6 36. Ke3 Re8+ 37. Kd3 Re1 38. Rg2 a5 39. g4 h4 40.
Re2 Rd1+ 41. Kc2 Rf1 42. f5 d4 43. Re6+ Kd5 44. Rg6 a4 45. Rxg7 Rf2+ 46. Kd1
Rxa2 47. bxa4 c4 48. Rd7+ Ke4 49. f6 Ra1+ 50. Kc2 Ra2+ 51. Kb1 Rf2 52. f7 d3
53. g5 c3 54. g6 Rf1+ 55. Ka2 c2 56. Re7+ Kd5 57. Re1 Rxe1 58. f8=Q c1=Q 59.
Qd8+ Ke4 60. Qxh4+ Kf3 61. Qg4+ Kf2 62. Qh4+ Ke2 63. Qg4+ Kd2 64. Qg5+ Kd1 65.
Qg4+ Re2+ 66. Kb3 Qc2+ 67. Kb4 Qb2+ 68. Kc5 Qc3+ 69. Kd6 Kc1 70. g7 Qf6+ 71.
Kc5 Qe5+ 72. Kc6 Rc2+ 73. Kb6 Qc7+ 74. Kb5 Qc6+ 75. Ka5 Rc5+ 76. Kb4 Qb6+ 77.
Ka3 Qb2# 0-1

[Event "FB1 2122 SV Hemer 1932 - SK Lehrte"]
[Site "?"]
[Date "2022.05.25"]
[Round "9.3"]
[White "Duessler, Stefanie"]
[Black "Ciolacu, Alessia-Mihaela"]
[Result "1-0"]
[WhiteElo "2110"]
[BlackElo "2198"]
[PlyCount "105"]
[EventDate "2022.??.??"]

1. e4 e5 2. Nf3 Nc6 3. Bb5 Nf6 4. O-O Nxe4 5. d4 Be7 6. Re1 Nd6 7. Bxc6 dxc6 8.
dxe5 Nf5 9. Qxd8+ Bxd8 10. Nc3 h6 11. Ne4 g5 12. h3 Be7 13. Nf6+ Kf8 14. Bd2 c5
15. Bc3 Be6 16. Rad1 c6 17. b3 Ng7 18. Nd2 b6 19. Nde4 Ne8 20. Rd2 Nc7 21. Bb2
Nd5 22. c4 Nf4 23. Red1 Kg7 24. Kh2 Rhd8 25. Nd6 Kg6 26. Nfe4 h5 27. Bc1 h4 28.
f3 Nh5 29. Rd3 Ng7 30. Kg1 Nh5 31. Kf2 f6 32. exf6 Bxf6 33. Nxf6 Nxf6 34. Bb2
Nh5 35. Ne4 Re8 36. Rd6 Rac8 37. Bc1 Nf4 38. Re1 Rcd8 39. Bxf4 gxf4 40. Rxc6
Re7 41. Nxc5 Rd2+ 42. Kf1 bxc5 43. Rcxe6+ Rxe6 44. Rxe6+ Kf5 45. Re2 Rd1+ 46.
Kf2 a5 47. Rc2 Rb1 48. Ke2 Ke5 49. Kd3 Rd1+ 50. Kc3 Re1 51. Rd2 Rc1+ 52. Kb2
Re1 53. Ka3 1-0